Central Library OPAC University of Rajshahi

The Role Of the United States in The Development of the South Korean Economy 1945-1990 / (Record no. 74012)

MARC details
000 -LEADER
fixed length control field 00800nam a2200241 a 4500
001 - CONTROL NUMBER
control field 74012
003 - CONTROL NUMBER IDENTIFIER
rucl marc code BD-RjUL
005 - DATE AND TIME OF LATEST TRANSACTION
control field 20211209082456.0
008 - FIXED-LENGTH DATA ELEMENTS--GENERAL INFORMATION
fixed length control field 171224s2017 bg ||||| |||| 001 0 eng d
020 ## - INTERNATIONAL STANDARD BOOK NUMBER
International Standard Book Number 9789843419712
Terms of availability Tk. 800.00
035 ## - SYSTEM CONTROL NUMBER
System control number (BD-RjUL)74230
040 ## - CATALOGING SOURCE
Original cataloging agency BD-RjUL
Language of cataloging eng
Transcribing agency BD-RjUL
041 ## - LANGUAGE CODE
Language code of text/sound track or separate title eng
082 ## - DEWEY DECIMAL CLASSIFICATION NUMBER
Edition number 23
Classification number 330.9519
Author mark and year SUR 2017
100 ## - MAIN ENTRY--PERSONAL NAME
Personal name Sultana , Samina
9 (RLIN) 219858
245 14 - TITLE STATEMENT
Title The Role Of the United States in The Development of the South Korean Economy 1945-1990 /
Remainder of title : a historical study /
Statement of responsibility, etc. Samina Sultana ,
260 ## - PUBLICATION, DISTRIBUTION, ETC. (IMPRINT)
Place of publication, distribution, etc. Dhaka :
Name of publisher, distributor, etc. Itihas Academy ,
Date of publication, distribution, etc. 2017
300 ## - PHYSICAL DESCRIPTION
Pagination Xv , 240 p. :
Illustrations ill ;
Size 14 cm.
500 ## - GENERAL NOTE
General note Includes Index
651 ## - SUBJECT ADDED ENTRY--GEOGRAPHIC NAME
Geographic subdivision South Korea
Form subdivision Economic conditions.
9 (RLIN) 219859
Geographic name South korea
Form subdivision Economic history.
9 (RLIN) 219860
942 ## - ADDED ENTRY ELEMENTS (KOHA)
Source of classification or shelving scheme Dewey Decimal Classification
Koha item type Books
Holdings
Lost status Source of classification or shelving scheme Damaged status Not for loan Collection code Permanent Location Current Location Shelving location Date acquired Source of acquisition Cost, normal purchase price Total Checkouts Full call number Date last seen Copy number Koha item type
  Dewey Decimal Classification   Not For Loan Non-fiction Central Library, University of Rajshahi Central Library, University of Rajshahi Reading Room 31/05/2017 Author 800.00   330.9519 SUR 2017 24/12/2017 C-1 Books
  Dewey Decimal Classification     Non-fiction Central Library, University of Rajshahi Central Library, University of Rajshahi   31/05/2017 Author 800.00   330.9519 SUR 2017 24/12/2017 C-2 Books